Orfeo y la tradición órfica : un reencuentro /

Guardado en:
Bibliografiske detaljer
Hovedforfatter: Bernabé, Alberto (coordinación)
Andre forfattere: Casadesús, Francesc (coordinación) (coordinación)
Format: Bog
Sprog:spansk
Udgivet: Madrid, España : Akal, 2008, c2008
Serier:(Akal Universitaria ; Religiones y Mitos) 281.
Fag:
Tags: Tilføj Tag
Ingen Tags, Vær først til at tagge denne postø!

MARC

LEADER 00000nam^a2200000^a^4500
001 000403126
005 20250521000000.0
009 20260310121731.516
020 |a 978-84-460-3007-2 
020 |a 978-84-460-1896-4 
037 |a Acervo ITESO - Biblioteca 
041 |a ESP 
082 |a 292. 08  |b BER V. 2 
100 |a Bernabé, Alberto  |e (coordinación) 
240 1 1 |a [Orfeo y la tradición órfica] 
245 1 0 |a Orfeo y la tradición órfica :  |b un reencuentro /  |c Coord. de A. Bernabé, F. Casadesús. 
264 4 |a Madrid, España :  |b Akal,  |c 2008, c2008 
300 |a 899-1803 p. 
336 |a texto  |b txt  |2 rdacontenido 
337 |a sin mediación  |b n  |2 rdamedio 
338 |a volumen  |b nc  |2 rdasoporte 
440 1 |a (Akal Universitaria ;  |v 281.  |p Religiones y Mitos) 
521 |a Peticiones 2018 
649 |a XX 
650 |a Mitología Griega -  |x Historia y Crítica 
650 |a Mitología Clásica -  |x Historia y Crítica 
650 |a Literatura Griega -  |x Historia y Crítica 
650 |a Literatura Clásica -  |x Historia y Crítica 
650 |a Religión y Literatura -  |z Grecia -  |x Historia y Crítica 
650 |a Filosofía y Religión -  |z Grecia -  |x Historia y Crítica 
650 |a Ritos Religiosos -  |z Grecia -  |x Historia -  |y Período Clásico, 479-323 a.C 
650 |a Religión -  |z Grecia -  |x Historia -  |y Período Clásico, 479-323 a.C. -  |x Tema Principal 
650 |a Grecia -  |x Historia -  |y Período Clásico, 479-323 a.C. 
650 |a Orfeo -  |x Tema Principal 
700 |a Casadesús, Francesc  |e (coordinación) 
910 |a Fondo General 
920 |a Impresos - Libros 
930 |a Colección General 
905 |a 101 
901 |a 0500298420  |b IT1  |c ACC  |i c159609  |u 20250521 
902 |a https://opac.biblio.iteso.mx/vufind/Record/000403126